000 00957nam a2200277 a 4500
001 BRL_569
005 20190320210814.0
008 030913s1989----mx-a######---#000-0#spa-#
020 _a9684980531
041 _aspa
044 _amx
050 4 _aF1219.1.M5
_b.L67 1989
100 1 _aLópez Luján, Leonardo
_924313
245 1 0 _aLa recuperación mexica del pasado teotihuacano
_cLeonardo López Luján.
260 _aMéxico
_bAsociación de Amigos del Templo Mayor; INHA; Proyecto Templo Mayor; GV Editores
_c1989
300 _a148 p.
_bil., mapas
_c20 cm.
440 0 _aColección Divulgación
_923155
500 _aAu608
500 _aBibliografía: p. 91-98
610 2 4 _aTemplo Mayor (Ciudad de México)
_924314
650 1 4 _aIndígenas de México
_xAntigüedades
_zValle de México
_924315
651 4 _aTeotihuacán, Sitio (San Juan Teotihuacán, México)
_924316
651 4 _aMéxico
_xAntigüedades
_92765
902 _aGRL
942 _2lcc
_cB
999 _c9381
_d9381